[Event "RSA-ch U16 Girls"]
[Site "Bloemfontein"]
[Date "2016.03.21"]
[Round "2"]
[White "Mei, Allenique"]
[Black "Joubert, Dantelle"]
[Result "0-1"]
[WhiteElo "710"]
[BlackElo "1387"]
[PlyCount "58"]
[EventDate "2016.03.20"]
[EventType "swiss"]
[EventRounds "11"]
[EventCountry "RSA"]
[SourceTitle "CBM 171 Extra"]
[Source "ChessBase"]
[SourceDate "2016.04.26"]
[SourceVersion "1"]
[SourceVersionDate "2016.04.26"]
[SourceQuality "1"]

1. e4 e5 2. Nc3 Nf6 3. Nf3 Nc6 4. Bc4 Bc5 5. 0-0 d6 6. d3 h6 7. h3 Na5 8. Na4 Nxc4 9. Nxc5 Nb6 10. Nb3 0-0 11. d4 exd4 12. Nfxd4 Nxe4 13. Bd2 Qf6 14. Qe2 Qg6 15. f3 Ng3 16. Qe7 Nxf1 17. Rxf1 Bxh3 18. Rf2 Nd5 19. Qh4 Bd7 20. c4 Nb6 21. Bc3 Nxc4 22. Ne2 Ne3 23. Nf4 Qb1+ 24. Kh2 Nf1+ 25. Kg1 g5 26. Qxh6 Ng3+ 27. Kh2 Qh1+ 28. Kxg3 Qxh6 29. Nd3 Qh4# 0-1